| 000 | 00901nas a2200253 i 4500 | ||
|---|---|---|---|
| 001 | 2355 | ||
| 003 | ES-MaACL | ||
| 005 | 20250728110710.0 | ||
| 007 | t| | ||
| 008 | 950801c1943 sp | | 1 ||pa d | ||
| 080 | _a2 | ||
| 245 | 0 | 0 |
_aVerdad y vida _b: revista trimestral de investigación científica y alta cultura / _cpublicada por P.P. Franciscanos, bajo los auspicios del Ministerio de Asuntos Exteriores ; dir. R.P. Isidoro Rodríguez. |
| 260 |
_aMadrid : _bAfrodisio Aguado, _c1943- |
||
| 300 |
_a14 v. ; _c25 cm. |
||
| 310 | _aTrimestral | ||
| 362 | 0 | _aAño 1, n. 1 (en.-marzo 1943)- | |
| 650 | 1 | 7 |
_aReligión _2embne _916797 |
| 700 | 1 |
_aRodríguez Herrera, Isidoro. _9161448 |
|
| 710 | 2 |
_aEspaña. _bMinisterio de Asuntos Exteriores. _93845 |
|
| 710 | 2 |
_aFranciscanos. _94174 |
|
| 852 |
_aES-MaACL _jHEM-D-111 _xHem-1305 _d |
||
| 866 | 0 | _o1943-56. | |
| 999 |
_c2355 _d2355 |
||